000 00521nam a2200169Ia 4500
003 IN-BaIIA
008 211028s9999 xx s 000 0 eng d
020 _a9780819435033 (Print)
020 _a9780819478597 (Online)
040 _cIIA Library
100 _aWelstead, Stephen
_940940
245 0 _aFractal and Wavelet Image Compression Techniques
_h[eBook]
260 _aWashington, USA
_bSPIE
_c1999
300 _aOnline resource
856 _uhttps://doi.org/10.1117/3.353798
_yClick Here to Access eBook
942 _cEB
999 _c22243
_d22243